00781nam a2200205 a 4500003000200000005001700002008004100019050002900060100002600089245008300115260009000198300004000288504004100328650003000369650003600399650003600435650003200471650003500503650003700538020250206195846.0130829s19uu xx 00 eng d aPGS GV 716.5b.Qu8 2013  aQuiza, Justin Ryan M. aStudy habits of basketball and non basketball players /cJustin Ryan M. Quiza. aLas Piñas City, Philippines :bSouthville International School and Colleges,c2013. a25 pages :billustrations ;c28 cm. aIncludes bibliographical references. aStudy habits of students. aBasketball playersvPsychology. aStudent-athletesvStudy habits. aNon-athletesvStudy habits. aSportsvInfluence on learning. aAthletesvPsychological aspects.